000 01069nam a2200337 i 4500
001 000034115
003 DO-SdBNP
005 20251120095018.0
007 ta
008 110926s1965 xxuab 000 0 eng d
040 _aDO-SdBNP
_bspa
_cBNPHU
_erda
041 _aspa
049 _aBNPD
082 4 _a972.91
_bF154c
_222
100 1 _aFagg, Jhon Edwin
_959547
_4aut.
_eautor
245 1 0 _aCuba, Haiti, & the Dominican Republic /
_cJohn Edwin Fagg.
264 4 _aNew Jersey :
_bPrentice-Hall,
_c1965.
300 _aviii, 181 páginas :
_bilustraciones, mapas ;
_c21 cm.
336 _atexto
_btxt
_2rdacontent
337 _asin mediación
_bn
_2rdamedia
338 _avolumen
_bnc
_2rdacarrier
490 0 _aThe Modern nations in historical perspective
490 0 _aA Spectrum book.
504 _aBibliografía: páginas 167-174.
590 _aInventariado, 2025 /LP
651 4 _aCuba
_xHistoria
_9493
651 4 _aHaiti
_xHistoria
_98418
651 4 _aRepública Dominicana
_xHistoria
_9170
910 _aValidado. Control de calidad MFF
942 _2ddc
_cLBS1
999 _c33606
_d33606